000 01116nam a2200349 i 4500
001 00336
003 DO-SdBPM
005 20250616125525.0
007 ta
008 921124s1993 sp | a | | spa d
017 _a
_b
020 _a8434813092
040 _aDO-SdBPM
_bspa
_cBPMSU
_erda
082 4 _a863.6
_bA448u 1993
_222
100 1 _aAlmena, Fernando
_d1943-
_eautor
245 1 0 _aUn solo de clarinete /
_cFernando Almena ; ilustraciones y cubierta, Margarita Puncel
_h
250 _a13a. ed.
264 _aMadrid :
_bSM,
_c1993
300 _a107 páginas :
_bilustraciones :
_c19 cm
336 _atexto
_btxt
_2rdacontent
337 _asin mediación
_bn
_2rdamedia
338 _avolumen
_bnc
_2rdacarrier
490 0 _aEl barco de vapor ;
_aSerie Naranja,
_v68/27
500 _aA partir de 9 años
586 _aPremio El barco de vapor
590 4 _aInventariado, 2025/M
650 7 _aCuentos infantiles españoles
650 7 _aLiteratura infantil española
700 1 _aPuncel, Margarita
_eilustraciones
910 _aVMateo V. Control de calida. BPMSU
942 _2ddc
_cBK
999 _c12064
_d12064